Longest Brawl Stars Names - Statistics

General Stats
  • This quiz has been taken 63 times
  • The average score is 4 of 8
Answer Stats
Letters Answer % Correct
12 Larry & Lawrie
63%
9 Cordelius
61%
8 Dynamike
59%
7 El Primo
59%
7 Melodie
53%
7 Chester
46%
7 Colette
39%
7 Charlie
32%
No matching quizzes found
Score Distribution
Percent of People with Each Score
Percentile by Number Answered
Your Score History
You have not taken this quiz